Central Library OPAC University of Rajshahi

আল - কুরআনের দৃষ্টিতে বাংলাদেশের সমাজ / (Record no. 77769)

MARC details
000 -LEADER
fixed length control field 01728nam a2200301 a 4500
001 - CONTROL NUMBER
control field 77769
003 - CONTROL NUMBER IDENTIFIER
rucl marc code BD-RjUL
005 - DATE AND TIME OF LATEST TRANSACTION
control field 20211209083023.0
008 - FIXED-LENGTH DATA ELEMENTS--GENERAL INFORMATION
fixed length control field 210107s 2009bg a|||| m||| 00| 0 beg d
035 ## - SYSTEM CONTROL NUMBER
System control number (BD-RjUL)77995
040 ## - CATALOGING SOURCE
Original cataloging agency BD-RjUL
Language of cataloging ben /eng
Transcribing agency BD-RjUL
Modifying agency BD-RjUL
082 ## - DEWEY DECIMAL CLASSIFICATION NUMBER
Edition number 23
Classification number 297.27
Author mark and year ISA 2009
100 ## - MAIN ENTRY--PERSONAL NAME
Personal name ইসলাম, মো.নজরুল
9 (RLIN) 243389
245 10 - TITLE STATEMENT
Title আল - কুরআনের দৃষ্টিতে বাংলাদেশের সমাজ /
Statement of responsibility, etc. মো. নজরুল ইসলাম ;
Linkage সুপারভাইজার: মুহাম্মদ আব্দুস সালাম মিঞা
260 ## - PUBLICATION, DISTRIBUTION, ETC. (IMPRINT)
Place of publication, distribution, etc. রাজশাহী :
Name of publisher, distributor, etc. আরবী বিভাগ, রাজশাহী বিশ্ববিদ্যালয়,
Date of publication, distribution, etc. ২০০৯
300 ## - PHYSICAL DESCRIPTION
Pagination ix, ৪০৪ পাতা ;
Size ২৯ সেমি.
502 ## - DISSERTATION NOTE
Dissertation note থিসিস (পিএইচ. ডি) -- আরবী বিভাগ, রাজশাহী বিশ্ববিদ্যালয়, ২০০৯.
504 ## - BIBLIOGRAPHY, ETC. NOTE
Bibliography, etc গ্রন্ধপঞ্জি: পাতা [৩৮৯] - ৪০৪
600 ## - SUBJECT ADDED ENTRY--PERSONAL NAME
Titles and other words associated with a name .
650 ## - SUBJECT ADDED ENTRY--TOPICAL TERM
Topical term or geographic name as entry element ইসলাম এবং সামাজিক বিজ্ঞান
9 (RLIN) 243593
Topical term or geographic name as entry element Islam and social sciences
9 (RLIN) 243594
Topical term or geographic name as entry element সামাজিক শ্রেণী
Geographic subdivision বাংলাদেশ
9 (RLIN) 243595
Topical term or geographic name as entry element Social classes
Geographic subdivision Bangladesh
9 (RLIN) 243596
Topical term or geographic name as entry element ইসলাম ও সংস্কৃতি
Geographic subdivision বাংলাদেশ
9 (RLIN) 243597
Topical term or geographic name as entry element Islam and culture
Geographic subdivision Bangladesh
9 (RLIN) 243598
700 ## - ADDED ENTRY--PERSONAL NAME
Personal name মিঞা, মুহাম্মদ আব্দুস সালাম, সুপারভাইজার
942 ## - ADDED ENTRY ELEMENTS (KOHA)
Source of classification or shelving scheme Dewey Decimal Classification
Koha item type Theses
Holdings
Lost status Source of classification or shelving scheme Damaged status Not for loan Collection code Permanent Location Current Location Shelving location Date acquired Source of acquisition Total Checkouts Full call number Date last seen Copy number Koha item type
  Dewey Decimal Classification   Not For Loan Theses Central Library, University of Rajshahi Central Library, University of Rajshahi Documentation Section 07/11/2010 Controller of Exam., R.U.   BTHE 297.27 ISA 2009 07/01/2021 C-1 Theses